Truyện kể phong tục các dân tộc Việt Nam T.2

Miêu tả và kể lại các phong tục, tập quán của 12 dân tộc anh em:Tày,Rơ - măm, La chí, Ê - đê,Giáy,Chăm, Hoa, La Hủ,Mơ - nông,Săn Dìu, Chứt và Hà Nhì

Shranjeno v:
Bibliografske podrobnosti
Glavni avtor: Nguyễn, Trọng Báu
Drugi avtorji: Hoàng, Thi
Format: Knjiga
Jezik:Undetermined
Izdano: H. Giáo dục 2008
Teme:
Online dostop:http://lrc.tdmu.edu.vn/opac/search/detail.asp?aID=2&ID=7170
Oznake: Označite
Brez oznak, prvi označite!
Thư viện lưu trữ: Trung tâm Học liệu Trường Đại học Thủ Dầu Một
LEADER 00958nam a2200229Ia 4500
001 TDMU_7170
008 210410s9999 xx 000 0 und d
082 |a 390.09 
090 |b NG527 
100 |a Nguyễn, Trọng Báu 
245 0 |a Truyện kể phong tục các dân tộc Việt Nam 
245 0 |c Nguyễn Trọng Báu 
245 0 |n T.2 
260 |a H. 
260 |b Giáo dục 
260 |c 2008 
300 |a 191tr 
520 |a Miêu tả và kể lại các phong tục, tập quán của 12 dân tộc anh em:Tày,Rơ - măm, La chí, Ê - đê,Giáy,Chăm, Hoa, La Hủ,Mơ - nông,Săn Dìu, Chứt và Hà Nhì 
650 |a Việt Nam; Dân tộc thiểu số; Dân tộc học; Phong tục; Tập quán 
700 |a Hoàng, Thi 
856 |u http://lrc.tdmu.edu.vn/opac/search/detail.asp?aID=2&ID=7170 
980 |a Trung tâm Học liệu Trường Đại học Thủ Dầu Một